| 000 | 01247nam a22002897a 4500 | ||
|---|---|---|---|
| 005 | 20090603162115.0 | ||
| 008 | 090212t xxu||||| |||| 00| 0 eng d | ||
| 010 | _aTEL-5140 | ||
| 020 | _c95.00 | ||
| 035 | _aTL-4146 | ||
| 037 | _bDBAD / PUB | ||
| 040 |
_adpl _bTelugu |
||
| 082 | _a613.707 | ||
| 100 | _aవిజయ రావు, కె. | ||
| 245 |
_aఆరోగ్య మరియు వ్యాయామ విద్య / _cకె. విజయ రావు |
||
| 246 |
_aHealth and physical education _bK.Vijaya Rao |
||
| 260 |
_aహైదరాబాద్ _bనీల్ కమల్ పబ్లికేషన్స్ _c2009 |
||
| 270 |
_aసుల్తన్ బజార్ _bహైదరాబాద్ _e500 095 |
||
| 300 |
_a120 పే. _c23 సె.మీ. |
||
| 520 | _aOn landmarks in 20th century Telugu literature | ||
| 650 |
_y _aవ్యాయామ విద్య |
||
| 650 |
_y _aPhysical education |
||
| 650 |
_y _aఆరోగ్య విద్య |
||
| 650 |
_y _aHealth education |
||
| 942 |
_2ddc _cTL _h613.707 _mVIJ |
||
| 999 |
_c27200 _d27200 |
||